| 000 | 01069nam a2200229 i 4500 | ||
|---|---|---|---|
| 001 | Rebiun12484910 | ||
| 003 | AR-RoIUNI | ||
| 005 | 20251125104021.0 | ||
| 007 | ta | ||
| 008 | 110629s2010 sp fr 001 0 spa d | ||
| 020 | _a9789508086105 | ||
| 080 | _a378.1 (7/8) LEH | ||
| 100 | _aLeher, Roberto | ||
| 245 | 0 | 0 |
_aPor una reforma radical de las Universidades Latinoamericanas / _cCoompilador Roberto Leher. |
| 250 | _a1a. ed. | ||
| 260 |
_aRosario: _bHomo Sapiens, _c2010 |
||
| 300 |
_a380 p. ; _c22 cm |
||
| 490 | _aEstudios Latinoamericanos | ||
| 520 | _aEl presente libro está conformado por estudios presentados y debatidos en el ámbito del GT Universidad y Sociedad de CLACSO, inscritos en una misma gran problemática. Los artículos contienen nexos entretejidos, imbricados por la finalidad de la producción del GT: elaborar conocimiento capaz de transformar la realidad educativa en pro de una real universalidad del derecho de estudiar y por el compromiso de la Universidad en la investigación. | ||
| 650 | 4 | _aUniversidades | |
| 942 |
_2cdu _cBK |
||
| 999 |
_c6362 _d6362 |
||